[Event "SK Königsspringer Nordwalde 1 - SG Turm"]
[Site "Verbandsklasse 2016/2017"]
[Date "2017.02.11"]
[Round "6.1"]
[White "Bölker, Franz"]
[Black "Wetterau, Georg"]
[Result "0-1"]
[WhiteElo "1798"]
[BlackElo "1800"]
[PlyCount "88"]
[EventDate "2017.??.??"]
[SourceDate "2016.10.13"]

1. d4 Nf6 2. c4 g6 3. Nc3 Bg7 4. e4 O-O 5. Be3 d6 6. f3 Nc6 7. Qd2 e5 8. Nge2
a6 9. a3 Rb8 10. b4 b5 11. d5 Ne7 12. Nc1 bxc4 13. Bxc4 Ne8 14. Qe2 f5 15. O-O
f4 16. Bf2 Ra8 17. Nb3 Kh8 18. Na5 Nf6 19. Rac1 g5 20. Bd3 g4 21. Rc2 g3 22.
hxg3 fxg3 23. Bxg3 Nh5 24. Bh4 Qe8 25. g3 Ng6 26. Qh2 Nxh4 27. Qxh4 Qg6 28. Ne2
Bf6 29. Qh2 Rg8 30. Kf2 Qf7 31. Rfc1 Bd8 32. Rh1 Bg4 33. Qg2 c5 34. Ke1 Bxf3
35. Qf2 Rf8 36. Rf1 Bxa5 37. bxa5 Qb7 38. Qh2 Bxe2 39. Rxf8+ Rxf8 40. Rxe2 Qb3
41. Rf2 Qc3+ 42. Rd2 Qc1+ 43. Rd1 Qe3+ 44. Be2 Nxg3 0-1

[Event "SK Königsspringer Nordwalde 1 - SG Turm"]
[Site "Verbandsklasse 2016/2017"]
[Date "2017.02.11"]
[Round "6.2"]
[White "Sandmann, Matthias"]
[Black "Fasselt, Hendrik"]
[Result "0-1"]
[WhiteElo "1742"]
[BlackElo "1822"]
[PlyCount "144"]
[EventDate "2017.??.??"]
[SourceDate "2016.10.13"]

1. d4 d5 2. Nf3 Nf6 3. Bg5 e6 4. Nbd2 Be7 5. e3 Nbd7 6. Rc1 h6 7. Bh4 O-O 8.
Bd3 b6 9. O-O Bb7 10. Re1 c5 11. c3 Rc8 12. Bb1 Re8 13. Bg3 Nf8 14. Ne5 Bd6 15.
f4 Qe7 16. Bh4 Qc7 17. Bxf6 gxf6 18. Ng4 Kg7 19. f5 h5 20. Rf1 hxg4 21. Qxg4+
Ng6 22. fxg6 f5 23. Bxf5 exf5 24. Qxf5 Bxh2+ 25. Kh1 fxg6 26. Qf6+ Kh7 27. Qf7+
Kh6 28. Rf3 Bg3 29. Rcf1 Ba6 30. Rxg3 Qxg3 31. Rf3 Rf8 32. Qxf8+ Rxf8 33. Rxg3
Rf2 34. Nf3 Bd3 35. dxc5 bxc5 36. Rg5 Rxf3 37. Rxd5 Rf1+ 38. Kh2 c4 39. b3 cxb3
40. axb3 Bc2 41. b4 Rf7 42. c4 Re7 43. Ra5 Bd3 44. c5 a6 45. Ra3 Bb5 46. Rc3
Kg5 47. Kg3 Kf5 48. Kf3 Re6 49. Rc2 Bc6+ 50. Kf2 Re4 51. Rb2 Rg4 52. Kf1 Ke4
53. Ra2 Kxe3 54. Ra3+ Kd4 55. Ke1 Re4+ 56. Kd2 Bb5 57. Rg3 Re6 58. Rg4+ Kd5 59.
Kc3 Be8 60. Kd3 Bb5+ 61. Kc3 Ke5 62. Rh4 g5 63. Rd4 Rf6 64. Rg4 Kf5 65. Rd4 g4
66. g3 Kg5 67. Rd5+ Kg6 68. Kd4 Bc6 69. Rd6 Kf5 70. Rxc6 Rxc6 71. Kd5 Rc8 72.
Kd6 Rb8 0-1

[Event "SK Königsspringer Nordwalde 1 - SG Turm"]
[Site "Verbandsklasse 2016/2017"]
[Date "2017.02.11"]
[Round "6.3"]
[White "Brömmel, Chris"]
[Black "Lerke, Bernd"]
[Result "1-0"]
[WhiteElo "1770"]
[BlackElo "1860"]
[PlyCount "83"]
[EventDate "2017.??.??"]
[SourceDate "2016.10.13"]

1. e4 c5 2. Nf3 e6 3. c3 d5 4. exd5 exd5 5. d4 Nc6 6. Bb5 a6 7. Bxc6+ bxc6 8.
Ne5 Qb6 9. O-O Nf6 10. Re1 Be7 11. Qe2 O-O 12. Be3 cxd4 13. cxd4 Be6 14. Nc3
Nd7 15. Na4 Qc7 16. Bf4 Nxe5 17. Bxe5 Qa5 18. b3 c5 19. dxc5 Bxc5 20. Nxc5 Qxc5
21. Qb2 f6 22. Rac1 Qe7 23. Rc7 Bd7 24. Bc3 Qd6 25. Rb7 Rae8 26. Rc1 Bc8 27.
Bb4 Qe6 28. Rbc7 Rf7 29. h3 Rxc7 30. Rxc7 Qe5 31. Qc1 Bf5 32. Qc6 Qa1+ 33. Kh2
Qe5+ 34. g3 Qe2 35. Bc5 Qe6 36. Qb7 g5 37. Rg7+ Kh8 38. Bd4 Bg6 39. Rc7 Qf5 40.
Rc6 Re6 41. Rc8+ Be8 42. Qf7 1-0

[Event "SK Königsspringer Nordwalde 1 - SG Turm"]
[Site "Verbandsklasse 2016/2017"]
[Date "2017.02.11"]
[Round "6.4"]
[White "Mense, Jens-Uwe"]
[Black "Tünte, Marcel"]
[Result "1/2-1/2"]
[WhiteElo "1793"]
[BlackElo "1852"]
[PlyCount "42"]
[EventDate "2017.??.??"]
[SourceDate "2016.10.13"]

1. e4 e5 2. d3 Bc5 3. g3 d6 4. Qe2 Ne7 5. Bg2 Nbc6 6. Be3 Bxe3 7. fxe3 O-O 8.
Nc3 f5 9. Nf3 fxe4 10. Nxe4 d5 11. Ned2 Qd6 12. O-O Bg4 13. c4 Bxf3 14. Bxf3 d4
15. Be4 Rad8 16. Kg2 Qh6 17. Rf3 Rxf3 18. Nxf3 dxe3 19. Re1 Qd6 20. Qxe3 b6 21.
a3 Nd4 1/2-1/2

[Event "SK Königsspringer Nordwalde 1 - SG Turm"]
[Site "Verbandsklasse 2016/2017"]
[Date "2017.02.11"]
[Round "6.5"]
[White "Kadenbach, Wolfgang"]
[Black "Holstegge, Ludger"]
[Result "0-1"]
[WhiteElo "1746"]
[BlackElo "1829"]
[PlyCount "102"]
[EventDate "2017.??.??"]
[SourceDate "2016.10.13"]

1. d4 Nf6 2. c4 g6 3. Nc3 Bg7 4. e4 O-O 5. e5 Ne8 6. f4 d6 7. h3 dxe5 8. fxe5
c5 9. dxc5 Qxd1+ 10. Kxd1 Bxe5 11. Nf3 Bxc3 12. bxc3 Nc6 13. Bd3 Nf6 14. Re1
Rd8 15. Kc2 Kg7 16. Bf4 h6 17. Rab1 Nh5 18. Bh2 f5 19. Nd4 Kf7 20. Nb5 a6 21.
Nc7 Ra7 22. Nd5 Nf6 23. Nb6 Re8 24. Re2 Nd7 25. Bg1 e5 26. Rf1 Nf6 27. Kb2 Be6
28. Bh2 f4 29. Be4 Nxe4 30. Rxe4 Bf5 31. Ree1 g5 32. Rd1 Be6 33. Bg1 Kf6 34.
Rd6 Kf5 35. Kc1 h5 36. Kd2 g4 37. h4 g3 38. Nd5 Rd8 39. Ke2 Raa8 40. Rb1 Rxd6
41. cxd6 Rd8 42. Bc5 Rb8 43. Bb6 Re8 44. Bc7 b5 45. cxb5 axb5 46. Rxb5 Ra8 47.
Ne7+ Nxe7 48. dxe7 Bc4+ 49. Kd1 Bxb5 50. c4 Bxc4 51. Bd8 Bb5 0-1

[Event "SK Königsspringer Nordwalde 1 - SG Turm"]
[Site "Verbandsklasse 2016/2017"]
[Date "2017.02.11"]
[Round "6.6"]
[White "Steens, Rudolf"]
[Black "Suer, Julian"]
[Result "1/2-1/2"]
[WhiteElo "1752"]
[BlackElo "1730"]
[PlyCount "47"]
[EventDate "2017.??.??"]
[SourceDate "2016.10.13"]

1. e4 d5 2. exd5 Qxd5 3. Nc3 Qa5 4. d4 Nf6 5. Nf3 Bg4 6. h3 Bh5 7. g4 Bg6 8.
Ne5 c6 9. h4 e6 10. h5 Be4 11. f3 Bd5 12. Bd2 Qb6 13. Nxd5 cxd5 14. Bc3 Nc6 15.
Qd2 Nxe5 16. dxe5 Nd7 17. O-O-O Bc5 18. Ba5 Be3 19. Bxb6 Bxd2+ 20. Rxd2 axb6
21. Bb5 Rxa2 22. Kb1 Ra5 23. c4 Ke7 24. Bxd7 1/2-1/2

[Event "SK Königsspringer Nordwalde 1 - SG Turm"]
[Site "Verbandsklasse 2016/2017"]
[Date "2017.02.11"]
[Round "6.7"]
[White "Droste, Laurenz"]
[Black "Schmidt, Ralf"]
[Result "1/2-1/2"]
[WhiteElo "1648"]
[BlackElo "1568"]
[PlyCount "54"]
[EventDate "2017.??.??"]
[SourceDate "2016.10.13"]

1. f4 d5 2. e3 Nf6 3. b3 g6 4. Bb2 Bg7 5. Nf3 O-O 6. Be2 c5 7. O-O Nc6 8. Ne5
a6 9. d3 e6 10. Nd2 Ne7 11. Ndf3 Nf5 12. Qc1 Bd7 13. c4 Rc8 14. g4 Nd6 15. h4
h5 16. g5 Nfe8 17. Nxd7 Qxd7 18. Ne5 Qe7 19. cxd5 exd5 20. Bf3 d4 21. Re1 Bxe5
22. exd4 cxd4 23. Qd2 Bxf4 24. Qxf4 Qd8 25. Qxd4 Kh7 26. Bd5 Nf5 27. Qb4 Qd6
1/2-1/2

[Event "SK Königsspringer Nordwalde 1 - SG Turm"]
[Site "Verbandsklasse 2016/2017"]
[Date "2017.02.11"]
[Round "6.8"]
[White "Keller, Hansjürgen"]
[Black "Terhart, Jürgen"]
[Result "0-1"]
[WhiteElo "1660"]
[BlackElo "1758"]
[PlyCount "72"]
[EventDate "2017.??.??"]
[SourceDate "2016.10.13"]

1. d4 d5 2. Bf4 Nf6 3. Nf3 e6 4. e3 c5 5. c3 Nc6 6. Nbd2 Bd6 7. Bg3 O-O 8. Bd3
Re8 9. Ne5 Qc7 10. Nxc6 Qxc6 11. Nf3 c4 12. Bc2 b5 13. Ne5 Qc7 14. a3 Bb7 15.
O-O a5 16. Nf3 b4 17. Bxd6 Qxd6 18. Qe2 Reb8 19. Rfb1 Bc6 20. Ne5 Be8 21. Qe1
bxc3 22. bxc3 Rxb1 23. Qxb1 Rb8 24. Qa2 Rb6 25. f3 Qb8 26. Rb1 Rxb1+ 27. Qxb1
Qxb1+ 28. Bxb1 Ba4 29. Kf2 Ne8 30. Ke2 Nd6 31. Kd2 f6 32. Ng4 Nb5 33. e4 Nxa3
34. Ba2 Bb3 35. Bxb3 cxb3 36. Kc1 Nc4 0-1

[Event "SK Münster 5 - SK Metelen 1"]
[Site "Verbandsklasse 2016/2017"]
[Date "2017.02.11"]
[Round "6.1"]
[White "Schudro, Vasily"]
[Black "Vogenauer, Nikolas"]
[Result "1/2-1/2"]
[WhiteElo "2075"]
[BlackElo "1665"]
[PlyCount "82"]
[EventDate "2017.??.??"]
[SourceDate "2016.10.13"]

1. e4 e5 2. Nf3 Nc6 3. Nc3 Nf6 4. Bb5 Nd4 5. a4 c6 6. Bd3 Nxf3+ 7. Qxf3 Bc5 8.
O-O O-O 9. h3 a5 10. Bc4 d6 11. d3 Be6 12. Bg5 h6 13. Bxf6 Qxf6 14. Qxf6 gxf6
15. Kh1 f5 16. f4 fxe4 17. Nxe4 Bxc4 18. dxc4 f6 19. Rad1 Rad8 20. Rd3 Bd4 21.
c3 f5 22. Ng3 exf4 23. cxd4 fxg3 24. Rxg3+ Kh7 25. Re3 Rf7 26. Re6 d5 27. c5
Rdf8 28. Rfe1 f4 29. Re7 Kg7 30. Kg1 Kf6 31. Rxf7+ Rxf7 32. Kf2 Kg5 33. Kf3 h5
34. Re8 Kf5 35. Re5+ Kg6 36. h4 Kh6 37. b3 Kg6 38. Re8 Kg7 39. Re5 Kg6 40. Rg5+
Kh6 41. Re5 Kg6 1/2-1/2

[Event "SK Münster 5 - SK Metelen 1"]
[Site "Verbandsklasse 2016/2017"]
[Date "2017.02.11"]
[Round "6.2"]
[White "Peters, Helmut"]
[Black "Koch, Alexander"]
[Result "1/2-1/2"]
[WhiteElo "2089"]
[BlackElo "2031"]
[PlyCount "63"]
[EventDate "2017.??.??"]
[SourceDate "2016.10.13"]

1. e4 c5 2. Nf3 d6 3. d4 cxd4 4. Nxd4 Nf6 5. Nc3 a6 6. Be3 g6 7. f3 Bg7 8. Qd2
Nc6 9. O-O-O O-O 10. g4 Nxd4 11. Bxd4 b5 12. h4 Qa5 13. Kb1 b4 14. Nd5 Nxd5 15.
Bxg7 Kxg7 16. exd5 h6 17. h5 g5 18. f4 gxf4 19. Qxf4 e5 20. Qe4 f5 21. gxf5
Bxf5 22. Rg1+ Kh7 23. Qh4 Qc7 24. Bd3 Bxd3 25. Rxd3 Rf4 26. Qh3 Raf8 27. Rdg3
Qf7 28. b3 Rf1+ 29. Rxf1 Qxf1+ 30. Kb2 Qxh3 31. Rxh3 Rf4 32. a3 1/2-1/2

[Event "SK Münster 5 - SK Metelen 1"]
[Site "Verbandsklasse 2016/2017"]
[Date "2017.02.11"]
[Round "6.3"]
[White "Zachej, Arne"]
[Black "Kamp, Aaron"]
[Result "1-0"]
[WhiteElo "1879"]
[BlackElo "1702"]
[PlyCount "97"]
[EventDate "2017.??.??"]
[SourceDate "2016.10.13"]

1. d4 Nf6 2. c4 g6 3. f3 d5 4. cxd5 Nxd5 5. e4 Nb6 6. Be3 Bg7 7. Nc3 Nc6 8. Bb5
Bd7 9. Nge2 O-O 10. Bxc6 Bxc6 11. d5 Bd7 12. Bd4 e5 13. Bc5 Re8 14. Qb3 c6 15.
a4 cxd5 16. Bxb6 axb6 17. Nxd5 b5 18. Rd1 bxa4 19. Qb6 Re6 20. Qxb7 Rb8 21. Qc7
Qxc7 22. Nxc7 Re7 23. Nd5 Ree8 24. Nc7 Red8 25. Nc3 Bc6 26. Rxd8+ Rxd8 27. O-O
Bf8 28. N7d5 Bc5+ 29. Kh1 Rb8 30. Rb1 Kf8 31. h3 Bd4 32. Ra1 Rxb2 33. Nxa4 Bxd5
34. Nxb2 Bxb2 35. Rb1 Bxe4 36. Rxb2 Bc6 37. Rb6 Bd7 38. Kg1 Kg7 39. Kf2 h5 40.
h4 Bf5 41. Ke3 f6 42. Rb7+ Kf8 43. Kd2 e4 44. f4 Be6 45. Ke3 f5 46. Kd4 Bf7 47.
Ke5 Kg7 48. Rc7 e3 49. Rc2 1-0

[Event "SK Münster 5 - SK Metelen 1"]
[Site "Verbandsklasse 2016/2017"]
[Date "2017.02.11"]
[Round "6.4"]
[White "Bissen, Philippe"]
[Black "Grotenhuis, Gerard"]
[Result "0-1"]
[WhiteElo "1674"]
[BlackElo "1871"]
[PlyCount "84"]
[EventDate "2017.??.??"]
[SourceDate "2016.10.13"]

1. d4 d5 2. c4 e5 3. dxe5 d4 4. a3 a5 5. Nf3 Nc6 6. Nbd2 Bg4 7. h3 Bxf3 8. Nxf3
Bc5 9. g4 Nge7 10. Bg5 Qd7 11. Qc2 Ng6 12. Qe4 h6 13. Qd5 Qxd5 14. cxd5 Ncxe5
15. Nxe5 Nxe5 16. Bf4 f6 17. Rc1 Bb6 18. e3 O-O-O 19. Bxe5 fxe5 20. e4 Rhf8 21.
Bd3 Rf3 22. Be2 Rb3 23. Rb1 Rf8 24. Bd1 Rb5 25. Ba4 Rc5 26. O-O d3 27. Rbd1 Rc4
28. Bb3 Rxe4 29. d6 cxd6 30. Be6+ Kc7 31. Bf5 Re2 32. Rxd3 Rxb2 33. Rc1+ Bc5
34. Rf3 b5 35. Kg2 Kb6 36. a4 bxa4 37. Rb1 Rb4 38. Ra1 Rb3 39. Rxb3+ axb3 40.
f3 b2 41. Ra2 Bd4 42. Kf1 Rxf5 0-1

[Event "SK Münster 5 - SK Metelen 1"]
[Site "Verbandsklasse 2016/2017"]
[Date "2017.02.11"]
[Round "6.5"]
[White "Wigger, Frank"]
[Black "Kamp, Adrian"]
[Result "0-1"]
[WhiteElo "1800"]
[BlackElo "1593"]
[PlyCount "60"]
[EventDate "2017.??.??"]
[SourceDate "2016.10.13"]

1. e4 c5 2. c3 d5 3. exd5 Qxd5 4. d4 Nf6 5. Nf3 Bg4 6. Be2 Nc6 7. h3 Bh5 8. c4
Qd7 9. d5 Bxf3 10. Bxf3 Ne5 11. Be2 e6 12. Bf4 Bd6 13. dxe6 Qxe6 14. O-O O-O
15. Qc2 Rad8 16. Nd2 Nc6 17. Be3 Bf4 18. Qc3 Bxe3 19. fxe3 Rfe8 20. Nb3 Ne4 21.
Qe1 Ng5 22. Qg3 Qxe3+ 23. Qxe3 Rxe3 24. Bg4 b6 25. Rad1 Nd4 26. Nxd4 cxd4 27.
Bf5 d3 28. Rf2 g6 29. Bg4 Rde8 30. Bf3 Re1+ 0-1

[Event "SK Münster 5 - SK Metelen 1"]
[Site "Verbandsklasse 2016/2017"]
[Date "2017.02.11"]
[Round "6.6"]
[White "Borrink, Guido"]
[Black "Gravenkötter, Christian"]
[Result "1-0"]
[WhiteElo "1625"]
[BlackElo "1689"]
[PlyCount "109"]
[EventDate "2017.??.??"]
[SourceDate "2016.10.13"]

1. d4 d5 2. Nf3 Nf6 3. c4 c6 4. Bf4 e6 5. e3 Bb4+ 6. Nbd2 Ne4 7. a3 Bxd2+ 8.
Nxd2 Nxd2 9. Qxd2 O-O 10. Bd3 dxc4 11. Bxc4 Nd7 12. O-O Qe7 13. Rfd1 e5 14.
dxe5 Nxe5 15. Be2 Bf5 16. Qc3 f6 17. Bxe5 fxe5 18. Bc4+ Kh8 19. Rd2 Rad8 20.
Rad1 Rxd2 21. Rxd2 h6 22. Bd3 Qf6 23. Bxf5 Qxf5 24. Qd3 Qf6 25. h3 Rf7 26. Kf1
Qe7 27. b4 a6 28. Qd8+ Kh7 29. Qxe7 Rxe7 30. Ke2 e4 31. Rd4 Kg6 32. f3 Kf5 33.
g4+ Kg5 34. Rxe4 Rxe4 35. fxe4 Kf6 36. Kd3 Ke5 37. Kc4 b6 38. a4 Kxe4 39. a5
bxa5 40. bxa5 Kxe3 41. Kc5 Kf3 42. Kxc6 Kg3 43. Kb6 Kxh3 44. Kxa6 Kxg4 45. Kb5
h5 46. a6 h4 47. a7 h3 48. a8=Q g5 49. Kc4 Kg3 50. Qh1 g4 51. Qg1+ Kh4 52. Qf2+
Kg5 53. Kd4 Kh5 54. Ke3 Kg5 55. Ke4 1-0

[Event "SK Münster 5 - SK Metelen 1"]
[Site "Verbandsklasse 2016/2017"]
[Date "2017.02.11"]
[Round "6.7"]
[White "Denkler, Jürgen"]
[Black "Schlagheck, Thomas"]
[Result "1-0"]
[WhiteElo "1682"]
[BlackElo "1654"]
[PlyCount "89"]
[EventDate "2017.??.??"]
[SourceDate "2016.10.13"]

1. d4 c5 2. e3 cxd4 3. exd4 d6 4. Nf3 Nf6 5. Bd3 g6 6. Bg5 Bg7 7. O-O O-O 8. c3
Nbd7 9. Re1 b6 10. Nbd2 Bb7 11. Qb3 h6 12. Bh4 Kh8 13. h3 a6 14. a4 Bc6 15. Bg3
Nd5 16. Re2 N7f6 17. c4 Nc7 18. d5 Bd7 19. Rae1 Re8 20. Nh4 e6 21. Qxb6 Rb8 22.
Qxd6 Rc8 23. dxe6 Bxe6 24. c5 g5 25. Nhf3 Nh5 26. Be5 Nd5 27. Bxg7+ Nxg7 28.
Bxa6 Rb8 29. Bb5 Qxd6 30. cxd6 Red8 31. Ne4 Nf5 32. Nc5 Nxd6 33. Nxe6 fxe6 34.
Rxe6 Nxb5 35. axb5 Kg7 36. Nd4 Rd7 37. Nf5+ Kf7 38. Nxh6+ Kg7 39. Nf5+ Kf7 40.
Nd6+ Kg7 41. R1e5 Nf4 42. Rxg5+ Kh7 43. Rf6 Ne2+ 44. Kh2 Nd4 45. Nf7 1-0

[Event "SK Münster 5 - SK Metelen 1"]
[Site "Verbandsklasse 2016/2017"]
[Date "2017.02.11"]
[Round "6.8"]
[White "Sobel, Meinhard"]
[Black "Blanke, Martin"]
[Result "1-0"]
[WhiteElo "1535"]
[BlackElo "1672"]
[PlyCount "87"]
[EventDate "2017.??.??"]
[SourceDate "2016.10.13"]

1. e4 c5 2. Nf3 Nc6 3. d4 cxd4 4. Nxd4 e5 5. Nb5 h6 6. N1c3 Nf6 7. Nd6+ Bxd6 8.
Qxd6 a6 9. Be2 Qe7 10. Qxe7+ Nxe7 11. Be3 O-O 12. Rd1 Re8 13. Bb6 Ng6 14. Bc4
Ne7 15. f3 Nc6 16. Kf2 Nb4 17. Rd2 d5 18. Nxd5 Nfxd5 19. Bxd5 Be6 20. a3 Nxd5
21. exd5 Bd7 22. Re1 Rac8 23. b3 f6 24. c4 Kf7 25. Re3 g5 26. g4 h5 27. h3 Rh8
28. Kg3 hxg4 29. hxg4 Rce8 30. Rh2 Rxh2 31. Kxh2 Rh8+ 32. Kg2 Rh6 33. c5 Rh8
34. Rc3 Rc8 35. Rc1 Kg6 36. Re1 Re8 37. Re4 Rc8 38. Rb4 Ra8 39. Bc7 Bc8 40. Rb6
Ra7 41. Rd6 Kf7 42. Rd8 Ra8 43. d6 Ke6 44. d7 1-0

[Event "SC Sendenhorst 1 - SC Klein-Berlin Rhei"]
[Site "Verbandsklasse 2016/2017"]
[Date "2017.02.11"]
[Round "6.1"]
[White "Ratert, Matthias"]
[Black "Teusner, Martin"]
[Result "1-0"]
[WhiteElo "1864"]
[BlackElo "1843"]
[PlyCount "83"]
[EventDate "2017.??.??"]
[SourceDate "2016.10.13"]

1. e4 e5 2. Nf3 Nf6 3. Nxe5 d6 4. Nf3 Nxe4 5. d4 Be7 6. Bd3 Nf6 7. O-O O-O 8.
Re1 Nc6 9. c3 Bg4 10. Nbd2 Qd7 11. Nf1 Bf5 12. Bxf5 Qxf5 13. Ng3 Qd7 14. Qd3
Rae8 15. b4 Bd8 16. Bg5 h6 17. Bd2 Nb8 18. Nf5 h5 19. b5 Rxe1+ 20. Rxe1 Re8 21.
Rxe8+ Qxe8 22. Bg5 Ng4 23. Bxd8 Qxd8 24. Ng3 Nf6 25. c4 Qe7 26. h3 Nbd7 27. Qa3
a6 28. bxa6 bxa6 29. Qxa6 Nb6 30. Qb5 g6 31. a4 d5 32. c5 Nc4 33. a5 Qd8 34. a6
Qa8 35. Ne5 Nxe5 36. dxe5 c6 37. Qb7 Qxb7 38. axb7 Nd7 39. Ne2 Kf8 40. Nd4 Nb8
41. f4 Ke7 42. g4 1-0

[Event "SC Sendenhorst 1 - SC Klein-Berlin Rhei"]
[Site "Verbandsklasse 2016/2017"]
[Date "2017.02.11"]
[Round "6.2"]
[White "Janz, Stefan"]
[Black "Hauk, Viktor"]
[Result "0-1"]
[WhiteElo "1796"]
[BlackElo "1809"]
[PlyCount "60"]
[EventDate "2017.??.??"]
[SourceDate "2016.10.13"]

1. e4 c5 2. Nf3 d6 3. d4 cxd4 4. Nxd4 Nf6 5. Nc3 a6 6. a4 g6 7. Be2 Bg7 8. Be3
O-O 9. a5 Nbd7 10. Qd2 Nc5 11. f3 b5 12. axb6 Qxb6 13. O-O Qc7 14. b4 Ncd7 15.
Ra3 Bb7 16. Na4 Rfc8 17. c3 d5 18. Nb3 dxe4 19. Nbc5 exf3 20. gxf3 Rd8 21. Qa2
Nd5 22. Bf2 Nf4 23. Bg3 Be5 24. Bc4 e6 25. Nxd7 Rxd7 26. Nc5 Bd5 27. Rxa6 Rxa6
28. Qxa6 Bxc4 29. Qxc4 Rd2 30. Re1 Nh3+ 0-1

[Event "SC Sendenhorst 1 - SC Klein-Berlin Rhei"]
[Site "Verbandsklasse 2016/2017"]
[Date "2017.02.11"]
[Round "6.3"]
[White "van Dijk, Guido"]
[Black "Füllborn, Dietrich"]
[Result "1/2-1/2"]
[WhiteElo "1712"]
[BlackElo "1654"]
[PlyCount "81"]
[EventDate "2017.??.??"]
[SourceDate "2016.10.13"]

1. d4 Nf6 2. Bf4 e6 3. Nf3 Be7 4. e3 O-O 5. h3 d5 6. Bd3 c5 7. dxc5 Qa5+ 8. c3
Qxc5 9. O-O Nc6 10. Nbd2 b5 11. Nb3 Qb6 12. Nbd4 a6 13. Nxc6 Qxc6 14. Ne5 Qb6
15. a3 Ne4 16. Bc2 f6 17. Nf3 Rd8 18. Nd2 Nxd2 19. Qxd2 e5 20. Bg3 Be6 21. Bb3
Ra7 22. Rfe1 Rad7 23. Qe2 Bf7 24. Rad1 Bc5 25. Rd2 a5 26. e4 dxe4 27. Rxd7 Rxd7
28. Bxf7+ Kxf7 29. Qxe4 Rd2 30. Re2 Rd1+ 31. Re1 Rxe1+ 32. Qxe1 g6 33. Qd1 Ke7
34. Qd5 Kf8 35. Qa8+ Kg7 36. Qd5 Kh6 37. Kf1 Kg7 38. f4 exf4 39. Bxf4 Be7 40.
Ke2 g5 41. Be3 1/2-1/2

[Event "SC Sendenhorst 1 - SC Klein-Berlin Rhei"]
[Site "Verbandsklasse 2016/2017"]
[Date "2017.02.11"]
[Round "6.4"]
[White "Weng, Peter"]
[Black "Brinkmann, Franz-Josef"]
[Result "1-0"]
[WhiteElo "1717"]
[BlackElo "1773"]
[PlyCount "65"]
[EventDate "2017.??.??"]
[SourceDate "2016.10.13"]

1. e4 c5 2. b4 e6 3. bxc5 Bxc5 4. d4 Be7 5. Bd3 Nc6 6. Nf3 Nf6 7. c3 a6 8. a4
d6 9. O-O Qc7 10. Qe2 e5 11. Nbd2 O-O 12. d5 Nb8 13. Ba3 Nbd7 14. Nb3 b6 15.
Ng5 h6 16. Nh3 Nc5 17. Nxc5 bxc5 18. f4 Bg4 19. Qe3 Nd7 20. f5 Bxh3 21. Qxh3
Qa5 22. Bc2 Bg5 23. Bc1 Bxc1 24. Raxc1 Rab8 25. f6 Qd8 26. fxg7 Kxg7 27. Rf3
Rb7 28. Rcf1 Qe7 29. Rg3+ Kh7 30. Qf5+ Kh8 31. Qh5 Nf6 32. Qxh6+ Nh7 33. Qg7#
1-0

[Event "SC Sendenhorst 1 - SC Klein-Berlin Rhei"]
[Site "Verbandsklasse 2016/2017"]
[Date "2017.02.11"]
[Round "6.5"]
[White "Miethe, Christoph"]
[Black "Westhues, Ralf"]
[Result "1/2-1/2"]
[WhiteElo "1695"]
[BlackElo "1603"]
[PlyCount "48"]
[EventDate "2017.??.??"]
[SourceDate "2016.10.13"]

1. e4 c5 2. c3 Nc6 3. d4 cxd4 4. cxd4 d5 5. e5 Qb6 6. Nf3 Bg4 7. Nc3 e6 8. Bb5
Bb4 9. Bxc6+ Qxc6 10. Bd2 Ne7 11. h3 Bh5 12. g4 Bg6 13. Rc1 O-O 14. O-O Qe8 15.
a3 Bxc3 16. Bxc3 Nc6 17. Nh4 Qd8 18. Nxg6 fxg6 19. Qd3 Rf4 20. Qe3 Re4 21. Qd3
Qb6 22. Rcd1 Rf8 23. Kg2 Ref4 24. f3 Qb3 1/2-1/2

[Event "SC Sendenhorst 1 - SC Klein-Berlin Rhei"]
[Site "Verbandsklasse 2016/2017"]
[Date "2017.02.11"]
[Round "6.6"]
[White "Göntgens, Werner"]
[Black "Huesmann, Stephan"]
[Result "1/2-1/2"]
[WhiteElo "1592"]
[BlackElo "1687"]
[PlyCount "26"]
[EventDate "2017.??.??"]
[SourceDate "2016.10.13"]

1. d4 Nf6 2. Nf3 g6 3. Bf4 Bg7 4. c3 d6 5. h3 O-O 6. e3 Nbd7 7. Be2 c5 8. O-O
Qb6 9. Qc2 Nh5 10. Bh2 f5 11. Nbd2 d5 12. Qb3 c4 13. Qxb6 axb6 1/2-1/2

[Event "SC Sendenhorst 1 - SC Klein-Berlin Rhei"]
[Site "Verbandsklasse 2016/2017"]
[Date "2017.02.11"]
[Round "6.7"]
[White "Wilde, Jürgen"]
[Black "Elmenhorst, Bernd"]
[Result "1-0"]
[WhiteElo "1649"]
[BlackElo "1487"]
[PlyCount "47"]
[EventDate "2017.??.??"]
[SourceDate "2016.10.13"]

1. e4 g6 2. f4 d6 3. Nf3 Bg7 4. Bc4 h6 5. Nc3 Nd7 6. d3 Ngf6 7. O-O e5 8. fxe5
Nxe5 9. Nxe5 dxe5 10. Qe1 c6 11. Qg3 Qe7 12. a3 Nh5 13. Bxf7+ Qxf7 14. Rxf7
Nxg3 15. Rxg7 Nh5 16. Rxg6 Ke7 17. Rxh6 Rxh6 18. Bxh6 Be6 19. Rf1 Rg8 20. Rf2
Nf6 21. Bd2 Ng4 22. Rf3 Nf6 23. h3 Nh5 24. Kh2 1-0

[Event "SC Sendenhorst 1 - SC Klein-Berlin Rhei"]
[Site "Verbandsklasse 2016/2017"]
[Date "2017.02.11"]
[Round "6.8"]
[White "Michalek, Mathias"]
[Black "Engfer, Klaus"]
[Result "0-1"]
[WhiteElo "1564"]
[BlackElo "1554"]
[PlyCount "72"]
[EventDate "2017.??.??"]
[SourceDate "2016.10.13"]

1. d4 d5 2. e4 dxe4 3. Nc3 Nf6 4. f3 exf3 5. Nxf3 e6 6. Bd3 Nc6 7. Be3 Bb4 8.
O-O O-O 9. Ne4 Nd5 10. Qe2 Nxe3 11. Qxe3 Be7 12. c3 f5 13. Neg5 Bxg5 14. Nxg5
Qd6 15. Rf4 h6 16. Nh3 Bd7 17. Rh4 Qe7 18. Qg3 Qf6 19. Rf1 Rac8 20. Rh5 Be8 21.
Rh4 g5 22. d5 Ne5 23. Bb1 Qg7 24. Rd4 f4 25. Qe1 exd5 26. Rxd5 Nc4 27. Rf2 Ne3
28. Rdd2 Bc6 29. g4 Rce8 30. Qe2 Bd7 31. Qd3 Bxg4 32. Nxg5 hxg5 33. Rg2 Nxg2
34. Rxg2 Be6 35. Kf2 Rd8 36. Rxg5 Rxd3 0-1

[Event "SF Neuenkirchen 2 - Indische Dame Münst"]
[Site "Verbandsklasse 2016/2017"]
[Date "2017.02.11"]
[Round "6.2"]
[White "Nordholt, Uwe"]
[Black "Frie, Michael"]
[Result "0-1"]
[WhiteElo "1895"]
[BlackElo "1894"]
[PlyCount "100"]
[EventDate "2017.??.??"]
[SourceDate "2016.10.13"]

1. d4 Nf6 2. c4 c5 3. d5 b5 4. cxb5 a6 5. bxa6 Nxa6 6. Nc3 g6 7. e4 d6 8. Nf3
Bg7 9. Bb5+ Nd7 10. O-O O-O 11. Bxd7 Bxd7 12. Bf4 Qb6 13. Qd2 Rfc8 14. e5 Rab8
15. e6 fxe6 16. dxe6 Bc6 17. Rab1 Qb7 18. Nh4 Qb4 19. Bg5 Rb7 20. Qf4 Bxc3 21.
Qf7+ Kh8 22. bxc3 Qxb1 23. Bxe7 Rxe7 24. Qxe7 Qb7 25. Qxd6 Qc7 26. Rd1 Qxd6 27.
Rxd6 Kg7 28. Nf3 Kf6 29. h4 Ke7 30. Rd2 Bxf3 31. gxf3 Kxe6 32. Kg2 Nc7 33. c4
Ra8 34. f4 Ra4 35. Rc2 Kf5 36. Kg3 Ne6 37. Rd2 Nd4 38. Rb2 Rxc4 39. Rb7 h5 40.
Rf7+ Ke6 41. Rc7 Rc3+ 42. Kh2 Ne2 43. a4 Nxf4 44. a5 Kd6 45. Rf7 Ke5 46. a6 Ra3
47. Rc7 Ne6 48. Ra7 Kd6 49. Ra8 c4 50. a7 c3 0-1

[Event "SF Neuenkirchen 2 - Indische Dame Münst"]
[Site "Verbandsklasse 2016/2017"]
[Date "2017.02.11"]
[Round "6.3"]
[White "Tenberge, Norbert"]
[Black "Rengers, Rainer"]
[Result "1-0"]
[WhiteElo "1844"]
[BlackElo "1752"]
[PlyCount "79"]
[EventDate "2017.??.??"]
[SourceDate "2016.10.13"]

1. g3 d5 2. Bg2 e5 3. c4 c6 4. b3 Nf6 5. d3 Bc5 6. e3 d4 7. e4 O-O 8. Ne2 Nh5
9. O-O f5 10. f4 fxe4 11. Bxe4 Nf6 12. Nd2 Bh3 13. Bg2 Bxg2 14. Kxg2 Nbd7 15.
Nf3 Ng4 16. Neg1 Ne3+ 17. Bxe3 dxe3 18. fxe5 Nxe5 19. Nxe5 Bd4 20. Rxf8+ Qxf8
21. Nef3 Bxa1 22. Qxa1 Re8 23. Qe1 Qf5 24. Qe2 a6 25. h4 b5 26. Nd2 g5 27. hxg5
Qxg5 28. Ne4 Qh6 29. Nh3 a5 30. c5 a4 31. Nf4 axb3 32. axb3 Ra8 33. Qxe3 Ra1
34. Nf2 Rb1 35. d4 Qf6 36. d5 cxd5 37. Qd3 Rb2 38. Qxd5+ Kf8 39. c6 Qe7 40. c7
1-0